Sports Quiz

Random Sports Quiz

20k points, One NBA Franchise Quiz Stats

 Plays Quiz not verified by Sporcle

Challenge
Share
Tweet
Embed
Score 0/22 Timer 06:00
0 Plays Today
Points Player % Correct
29,277Michael Jordan
98.8%
36,374Karl Malone
98.8%
33,375Kobe Bryant
97%
26,399*Tim Duncan
96.4%
29,256*Dirk Nowitzki
95.8%
21,791Larry Bird
94.6%
20,001*Dwyane Wade
94%
26,511Hakeem Olajuwon
92.8%
25,279Reggie Miller
92.8%
20,790David Robinson
92.8%
23,665Patrick Ewing
92.2%
Points Player % Correct
24,176Kareem Abdul-Jabbar
91.6%
22,591*Paul Pierce
91%
23,292Dominique Wilkins
87.4%
25,192Jerry West
86.2%
26,395John Havlicek
83.2%
23,602George Gervin
80.2%
21,645Alex English
74.9%
23,149Elgin Baylor
74.9%
22,009Oscar Robertson
73.1%
20,880Bob Pettit
62.4%
21,586Hal Greer
46.7%

You're not logged in!

Compare scores with friends on all Sporcle quizzes.
OR
Log In

You Might Also Like...

Show Comments

Extras

Created Mar 20, 2016ReportNominate
Tags:20k, franchise, player, point, team

Top Quizzes Today


Score Distribution

Your Account Isn't Verified!

In order to create a playlist on Sporcle, you need to verify the email address you used during registration. Go to your Sporcle Settings to finish the process.

Report this User

Report this user for behavior that violates our Community Guidelines.

Details: